000 00275nam a2200109Ia 4500
008 200302s9999 xx 000 0 und d
100 _aThe Course Team
245 _aBlock V Race, Children and Cities
260 _bThe Open University Press
260 _c1978
300 _a111 P.,
999 _c2195
_d2195